000 00941nam a2200217Ia 4500
003 Ost
005 20260507075603.0
008 260507s9999||||xx |||||||||||||| ||und||
040 _cfsecg
041 _aara
082 _a0
100 _aديفز، وليم
_eمؤلف
245 0 _aالكمبيوتر :
_bوتشغيل المعلومات الادارية /
_c وليم ديفز
260 _aالرياض:
_bدار المريخ للنشر,
_c1988
300 _a708 صفحة؛
_bإيضاحات ؛
_c24 سم
520 _aقيمة المعلومات, الكمبيوتر: آلة لتشغيل المعلومات اضافة الى عملية استنباط النظام, ادارة البيانات, نظم المعلوماتالحديثة المبنية على الكمبيوتر.
653 _aالحاسبات الالكترونية
653 _aالكمبيوتر
653 _aالمعلومات الادارية
942 _cكتاب
999 _c45020
_d45020